US State Abbreviation or Elemental Symbol - Statistics

General Stats
  • This quiz has been taken 207 times
  • The average score is 15 of 20
Answer Stats
Question Answer % Correct
CA / Ca Both
96%
BR / Br Element
95%
CO / Co Both
93%
MG / Mg Element
92%
TI / Ti Element
91%
AK / Ak State Abbreviation
91%
IL / Il State Abbreviation
91%
OR / Or State Abbreviation
90%
WA / Wa State Abbreviation
88%
RA / Ra Element
87%
HI / Hi State Abbreviation
76%
NA / Na Element
73%
MS / Ms State Abbreviation
71%
GA / Ga Both
68%
CN / Cn Element
61%
SC / Sc Both
58%
MO / Mo Both
57%
MD / Md Both
43%
ND / Nd Both
35%
MT / Mt Both
31%
No matching quizzes found
Score Distribution
Percent of People with Each Score
Percentile by Number Answered
Your Score History
You have not taken this quiz